000 00748nam a22002657a 4500
001 9214
003 FISKH
005 20251202153530.0
008 251202b cb ||||| |||| 00| 0 eng d
020 _a9780822539124
040 _aFISKH
_beng
_cFISKH
_dFISKH
050 _aQL950.M58
082 _a591.479
100 _aMitchell, Melanie
245 _aFeet /
_cby Melanie Mitchell
260 _aMinneapolis :
_bLerner Publications,
_c2004.
300 _a8 pages :
_bcolor illustrations ;
_c18 cm
505 _aa
520 _aProvides a simple introduction to feet for animals and people.
521 8 _a10
_bLexile estimate
521 8 _aa
_bRaz-Plus
650 _aAnimals
_xInformational
942 _2ddc
_cBK
_n0
999 _c9214
_d9214